Biggest City by Landmass - Statistics

General Stats
  • This quiz has been taken 29 times
  • The average score is 14 of 20
Answer Stats
Hint Answer % Correct
Australia Sydney
100%
Africa Lagos or Cairo
95%
Eurasia Guangzhou
91%
Java Jakarta
91%
North America Mexico City
91%
Sicily Palermo
91%
Madagascar Antananarivo
86%
South America São Paulo
86%
HIspaniola Santo Domingo
82%
South Island Christchurch
77%
Hokkaido Sapporo
77%
Zealand Copenhagen
68%
Bali Denpasar
68%
Crete Heraklion
64%
Bermuda Hamilton
50%
Spitsbergen(Svalbard and Jan Mayen) Longyearbyen
45%
New Caledonia Nouméa
45%
Mindanao Davao City
41%
St. Thomas(U.S. Virgin Islands) Charlotte Amalie
27%
Ellesmere Island Grise Fiord
14%
No matching quizzes found
Score Distribution
Percent of People with Each Score
Percentile by Number Answered
Your Score History
You have not taken this quiz